00467nam a22001577a 450000500170000000800410001702000150005804100130007308200150008610000130010124500710011425000190018526000480020430000320025265000250028420231121115011.0231121b |||||||| |||| 00| 0 eng d a0702130124 aEnglish  a342.8 INT  lEnglish  aInterpreting a Bill of Rights / cedited by J Kruger and B Currin  aFirst Edition  aCape Town : bJuta and Company Ltd, c1994  bxxvi, 158 pages ; c26 cm.  aLegal practice bLaw